| 000 | 01442nam a2200265 a 4500 | ||
|---|---|---|---|
| 008 | 120416s1995 ||||||||||||||||| || u | ||
| 020 | _a0393312798 | ||
| 050 | _aHA 155 Wor | ||
| 100 | _aRenner, Michael | ||
| 245 | 1 | 0 |
_aVital signs: the environmental trends that are shaping our future 1995- _ccompiled by Lester R. Brown [and others] |
| 260 |
_aNew York: _bW.W. Norton _c1995- |
||
| 300 | _avols. : ill | ||
| 350 | _a0.00 | ||
| 500 | _aLibrary has 5vols.: 1995-2000 | ||
| 650 | _aENVIRONMENT | ||
| 700 | _aFlavin, Christopher | ||
| 700 | _aHalweil, Brian | ||
| 700 | _aBrown, Lester R | ||
| 710 | _aWorld Watch Institute (U.K.) | ||
| 995 |
_D0.00 _FCBU-MAIN LIBRARY (Kitwe) _H1 _I12.00 _M5 _UAVAILABLE _ZAnnex Low-Usage Collection |
||
| 995 |
_D0.00 _FCBU-MAIN LIBRARY (Kitwe) _H1 _I10.95 _M1 _UAVAILABLE _ZAnnex Low-Usage Collection |
||
| 995 |
_D0.00 _FCBU-MAIN LIBRARY (Kitwe) _H1 _I13.00 _M4 _UAVAILABLE _ZAnnex Low-Usage Collection |
||
| 995 |
_D0.00 _FCBU-MAIN LIBRARY (Kitwe) _H1 _I13.00 _M3 _UAVAILABLE _ZAnnex Low-Usage Collection |
||
| 995 |
_D0.00 _FCBU-MAIN LIBRARY (Kitwe) _H1 _I13.00 _M2 _UAVAILABLE _ZAnnex Low-Usage Collection |
||
| 999 |
_c78373 _d78373 |
||